Pci hardware and software : architecture and design
Αποθηκεύτηκε σε:
| Κύριος συγγραφέας: | |
|---|---|
| Άλλοι συγγραφείς: | |
| Μορφή: | Βιβλίο |
| Γλώσσα: | English |
| Δημοσίευση: |
San Diego, CA :
Annabooks,
c1998
|
| Θέματα: | |
| Ετικέτες: |
Προσθήκη ετικέτας
Δεν υπάρχουν, Καταχωρήστε ετικέτα πρώτοι!
|
MARC
| LEADER | 00000nam a2200000 i 4500 | ||
|---|---|---|---|
| 001 | 1/102189 | ||
| 008 | 000224s1998 eng d | ||
| 020 | |a 0929392590 | ||
| 035 | |l 10057979 | ||
| 040 | |a GR-MY-UA |b gre |e aacr | ||
| 041 | 0 | |a eng | |
| 082 | 0 | |a 004.64 | |
| 100 | 1 | |a Solari, Edward. | |
| 245 | 1 | 0 | |a Pci hardware and software : |b architecture and design / |c Edward Solari and George Willse |
| 260 | |a San Diego, CA : |b Annabooks, |c c1998 | ||
| 300 | |a x, 884 p.; |b ill.; |c 24 cm. | ||
| 504 | |a Includes index | ||
| 650 | 0 | 0 | |a Computer architecture. |
| 650 | 0 | 0 | |a Microcomputers |x Buses. |
| 700 | 1 | |a Willse, George. | |
| 852 | |a INST |b SAMOS |e 20000224 |h 004.64 SOL |p 005300015569 |q 005300015569 |t BK |y 0 | ||
| 901 | |a BIBL3-2000-1 | ||
| 909 | |a Σ |b 074235 | ||
| 922 | |a 3ΕΛΗ |b 200002 |c ΤΠΕΣ |d ΠΑΠΑΣΩΤΗΡΙΟΥ | ||
| 950 | |a 133-1999-07-20 | ||
| 970 | |a ΚΟΣΙΕΡΗΣ |b ΧΡΗΣΤΟΣ |z 2000/03/09 | ||